| 000 | 00508nam a2200169 4500 | ||
|---|---|---|---|
| 001 | 131576 | ||
| 003 | ES-MaACL | ||
| 005 | 20251011063133.0 | ||
| 007 | t| | ||
| 008 | 070214s1916 cu r ||||1| spa d | ||
| 100 | 1 |
_aRodríguez García, José Antonio, _d1864-1934 _998540 |
|
| 245 | 1 | 0 |
_aDe enseñanza / _cpor José A. Rodríguez García. |
| 260 |
_aHabana : _b[s. n.], _c1916 ( _fCuba Intelectual) |
||
| 300 |
_a200 p., 16 h. ; _c20 cm. |
||
| 852 |
_aES-MaACL _jD-1205 |
||
| 999 |
_c131576 _d131576 |
||